Country by its second largest city - Europe - Statistics

General Stats
  • This quiz has been taken 70 times
  • The average score is 38 of 47
Answer Stats
Country City % Correct
Marseille France
98%
Vatican City Vatican City
97%
Hamburg Germany
95%
Milan Italy
95%
Monaco Monaco
95%
Rotterdam Netherlands
95%
Barcelona Spain
95%
Ankara Turkey
95%
Birmingham United Kingdom
95%
Krakow Poland
94%
Saint Petersburg Russia
94%
Geneva Switzerland
94%
Thessaloniki Greece
92%
Porto Portugal
92%
Cork Ireland
91%
Gothenburg Sweden
91%
Split Croatia
89%
Vaduz Liechtenstein
89%
Graz Austria
88%
Ghent Belgium
88%
Bergen Norway
88%
Brno Czech Republic
83%
Kharkiv Ukraine
83%
Aarhus Denmark
82%
Tartu Estonia
79%
Novi Sad Serbia
79%
Durrës Albania
76%
Cluj-Napoca Romania
76%
Kaunas Lithuania
74%
Esch-sur-Alzette Luxembourg
74%
Maribor Slovenia
74%
Plovdiv Bulgaria
73%
Espoo Finland
73%
Tiraspol Moldova
71%
Košice Slovakia
71%
Banja Luka Bosnia and Herzegovina
70%
Borgo Maggiore San Marino
70%
Daugavpils Latvia
68%
Escaldes-Engordany Andorra
67%
Debrecen Hungary
67%
Gomel Belarus
65%
Nikšic Montenegro
65%
Birkirkara Malta
64%
Kopavogur Iceland
61%
Prizren Kosovo
61%
Kumanovo North Macedonia
58%
Stróvolos Cyprus
47%
No matching quizzes found
Score Distribution
Percent of People with Each Score
Percentile by Number Answered
Your Score History
You have not taken this quiz